<?xml version="1.0" encoding="UTF-8"?>
<record
    xmlns:xsi="http://www.w3.org/2001/XMLSchema-instance"
    xsi:schemaLocation="http://www.loc.gov/MARC21/slim http://www.loc.gov/standards/marcxml/schema/MARC21slim.xsd"
    xmlns="http://www.loc.gov/MARC21/slim">

  <leader>00861cam a2200193 a 4500</leader>
  <datafield tag="020" ind1=" " ind2=" ">
    <subfield code="a">8120402707 (set) :</subfield>
  </datafield>
  <datafield tag="082" ind1="0" ind2="0">
    <subfield code="a">624.18341</subfield>
    <subfield code="b">PRO</subfield>
    <subfield code="c">L-19, P-87</subfield>
  </datafield>
  <datafield tag="245" ind1="1" ind2="0">
    <subfield code="a">Proceedings of the International Symposium on Fibre Reinforced Concrete, Madras, India, December 16-19, 1987 /</subfield>
    <subfield code="c">organised by Structural Engineering Research Centre, Madras (Council of Scientific &amp; Industrial Research).</subfield>
  </datafield>
  <datafield tag="260" ind1=" " ind2=" ">
    <subfield code="a">gow Delhi :</subfield>
    <subfield code="b">Oxford &amp; IBH Pub. Co.,</subfield>
    <subfield code="c">c1987-1988.</subfield>
  </datafield>
  <datafield tag="300" ind1=" " ind2=" ">
    <subfield code="a">3 v. :</subfield>
    <subfield code="b">ill. ;</subfield>
    <subfield code="c">25 cm.</subfield>
  </datafield>
  <datafield tag="500" ind1=" " ind2=" ">
    <subfield code="a">"General editors: V.S. Parameswaran &amp; T.S. Krishnamoorthy"--T.p. verso.</subfield>
  </datafield>
  <datafield tag="526" ind1=" " ind2=" ">
    <subfield code="a">0</subfield>
    <subfield code="b">0</subfield>
    <subfield code="c">0</subfield>
    <subfield code="d">624_183410000000000_PRO</subfield>
  </datafield>
  <datafield tag="650" ind1=" " ind2="0">
    <subfield code="a">Fiber-reinforced concrete</subfield>
    <subfield code="9">42697</subfield>
  </datafield>
  <datafield tag="650" ind1=" " ind2="0">
    <subfield code="a">MCE</subfield>
    <subfield code="9">379</subfield>
  </datafield>
  <datafield tag="700" ind1="1" ind2=" ">
    <subfield code="a">Krishnamoorthy, T. S.</subfield>
    <subfield code="9">47365</subfield>
  </datafield>
  <datafield tag="700" ind1="1" ind2=" ">
    <subfield code="a">Parameswaran, V. S.</subfield>
    <subfield code="9">47366</subfield>
  </datafield>
  <datafield tag="710" ind1="2" ind2=" ">
    <subfield code="a">Structural Engineering Research Centre, Madras.</subfield>
  </datafield>
  <datafield tag="942" ind1=" " ind2=" ">
    <subfield code="2">ddc</subfield>
    <subfield code="c">BK</subfield>
  </datafield>
  <datafield tag="999" ind1=" " ind2=" ">
    <subfield code="c">550636</subfield>
    <subfield code="d">550636</subfield>
  </datafield>
  <datafield tag="952" ind1=" " ind2=" ">
    <subfield code="0">0</subfield>
    <subfield code="1">0</subfield>
    <subfield code="2">ddc</subfield>
    <subfield code="4">0</subfield>
    <subfield code="7">0</subfield>
    <subfield code="a">MCE</subfield>
    <subfield code="b">MCE</subfield>
    <subfield code="d">2014-11-18</subfield>
    <subfield code="l">0</subfield>
    <subfield code="o">624.18341 PRO</subfield>
    <subfield code="p">MCE-25885</subfield>
    <subfield code="r">2014-11-18</subfield>
    <subfield code="w">2014-11-18</subfield>
    <subfield code="y">BK</subfield>
  </datafield>
</record>
